| 000 | 01188nam a22002657a 4500 | ||
|---|---|---|---|
| 005 | 20080905121451.0 | ||
| 008 | 110608t xxu||||| |||| 00| 0 hin d | ||
| 010 | _aHIN-92902 | ||
| 020 |
_c225.00 _a9788176752558 |
||
| 035 | _aHN-65248 | ||
| 037 | _bDBAD / PUB | ||
| 040 |
_aDPL _bHN |
||
| 082 | _aक | ||
| 100 |
_928442 _aसांभरिया, रत्नकुमार |
||
| 245 |
_aखेत तथा अन्य कहानियाँ / _cरत्नकुमार सांभरिया |
||
| 260 |
_aपंचकूला _bआधार प्रकाशन _c2010 |
||
| 270 |
_aएस.सी.एफ-267,, सेक्टर-16 _bपंचकूला (हरियाणा) _e134113 _k0172- 2566952 _maadhar_prakashan@yahoo.com |
||
| 300 |
_a164पृ _c22सेमी (सजिल्द) |
||
| 650 |
_928443 _aलघु कथाएँ, हिन्दी |
||
| 650 |
_928455 _aShort Stories, Hindi |
||
| 700 | _928521 | ||
| 700 | _928536 | ||
| 942 |
_adpl _cHN _2ddc _mसांभरि _hक |
||
| 999 |
_c52842 _d52842 |
||